00905nam a2200253 a 450000100060000000300080000600500170001400800410003103500190007204000360009104100080012708200220013510000430015724500750020025000130027526000560028830000360034450000190038065000330039970000530043294200120048599900170049795201370051473930BD-RjUL20211209082449.0170525s1972 enka 001 0 eng d a(BD-RjUL)74148 aDLC/ICUcICUdDLCdBD-RjULbeng aeng00a541223bGLE 19611 aGlasstone, Samuel,d1897-1986.911669010aElements of physical chemistry /cby Samuel Glasstone and David Lewis. aRev. ed. aLondon :bMacmillan and co.,c1960 [Reprinted 1961] av, 758 [3] p. :bill. ;c24 cm. aIncludes Index 0aChemistry, Physical 92047321 aLewis, David,d1903-1975,ejoint author.9204733 2ddccBK c73930d73930 00102ddc40718NFICaRUCLbRUCLcReadingd1963-03-28eZeitlingerg60.00l0o541 GLE 1961r2017-08-21 00:00:00tC-1w2017-08-21yBK